[Event "ICS rated blitz match"]
[Site "204.178.125.65"]
[Date "1999.11.10"]
[Round "?"]
[White "tryany1"]
[Black "Hossa"]
[Result "0-1"]
[WhiteElo "2087"]
[BlackElo "2428"]
[Annotator "Hiarcs 7.32 (22s)"]
[PlyCount "62"]
[EventDate "1999.??.??"]

1. d4 1... Nf6 {Opening = E00 - 3.g3 (d5 4.---)} 2. c4 e6 3. a3 {
Verwehrt dem Gegner b4} 3... Be7 4. d5 $15 {Weiss gewinnt Raum} (4. Bf4 d5 5.
e3 5... Bd7 $11) 4... exd5 5. cxd5 5... Na6 $11 (5... O-O 6. Nc3 $11) 6. Nc3
O-O 7. e4 {Weiss muss dringend die Entwicklung vorantreiben.} 7... Nc5 $14 (
7... Re8 $5 $11) 8. f3 {Befestigt g4} (8. e5 Nfe4 9. Nxe4 9... Nxe4 $14) 8...
a5 9. Rb1 $11 (9. Be3 9... d6 $11) 9... d6 10. b4 axb4 11. axb4 Ncd7 12. Bd3
Ne5 13. Be2 13... c6 {Kontrolliert b5} 14. f4 Ng6 15. Nf3 cxd5 16. exd5 Nh5 17.
g3 {Ueberdeckt h4} 17... Bh3 {Haelt den Koenig im Zentrum fest} 18. Kf2 18...
Qc8 $15 (18... Nf6 19. Ng5 Bf5 20. Bd3 Bxd3 21. Qxd3 Ng4+ 22. Kg2 Bxg5 23. fxg5
$17) 19. Bb2 Nf6 20. Re1 20... Ng4+ {
Schwarz zwingt den Gegner mit starken Drohungen nieder} 21. Kg1 Ne3 22. Qd3 Ng2
23. Rec1 $2 $19 (23. Red1 N2xf4 24. gxf4 Qg4+ 25. Kf2 Nxf4 26. Qc4 Bh4+ 27.
Nxh4 Qxh4+ 28. Ke3 Rfe8+ 29. Kd2 $19) 23... N2xf4 24. gxf4 Nxf4 25. Qd4 $4 {
der starke Druck provoziert weitere Fehler} (25. Qb5 $142 25... Qg4+ 26. Kf2
$19) 25... Qg4+ 26. Kf2 Bf6 27. Qe3 Rae8 (27... Qg2+ {
und Schwarz haette es noch leichter} 28. Ke1 Bxc3+ 29. Bxc3 $19) 28. Rg1 (28.
Ne4 {ist der letzte Rettungsanker} 28... Nxe2 29. Nxf6+ gxf6 30. Rg1 Nxg1 31.
Rxg1 Rxe3 32. Rxg4+ Bxg4 33. Kxe3 Re8+ 34. Kf4 Bxf3 35. Kxf3 $19) 28... Bh4+
29. Nxh4 Qxh4+ 30. Qg3 (30. Rg3 Rxe3 31. Kxe3 Re8+ 32. Kd2 Nxe2 33. Nxe2 Qxb4+
34. Rc3 $19) 30... Nd3+ $3 {das kroenende Opfer} 31. Bxd3 Qd4+ (31... Qd4+ 32.
Kf3 Qe3#) 0-1

[Event "ICS rated bullet match"]
[Site "204.178.125.65"]
[Date "1999.11.10"]
[Round "?"]
[White "vodka"]
[Black "Hossa"]
[Result "1-0"]
[WhiteElo "2829"]
[BlackElo "2446"]
[Annotator "Hiarcs 7.32 (22s)"]
[PlyCount "91"]
[EventDate "1999.??.??"]

1. e4 1... c5 {Opening = B83 - 6.Be2 ---} 2. Nf3 e6 3. d4 cxd4 4. Nxd4 Nf6 5.
Nc3 5... d6 $16 (5... Bb4 $5 {muss erwogen werden} 6. Bd2 6... Qb6 $14) 6. Be2
Be7 7. O-O O-O 8. f4 (8. Be3 8... Bd7 $14) 8... e5 9. Ndb5 {
Weiss erhaelt starke Initiative} 9... a6 10. fxe5 dxe5 11. Qxd8 11... Rxd8 $16
(11... Bxd8 $5 $142 {ist eine gute Alternative} 12. Nd6 Bb6+ 13. Kh1 Rd8 14.
Nxc8 14... Rxc8 $11) 12. Nc7 Bc5+ 13. Kh1 Ra7 14. Bg5 Rd6 15. Bxf6 Rxf6 16.
Rxf6 gxf6 17. Rf1 f5 18. exf5 Nc6 19. Ne4 Be7 20. Nd5 b5 21. Nxe7+ Rxe7 22. f6
Rd7 23. c3 Rd5 24. b3 Bd7 25. a4 Be6 (25... Nd8 $18) 26. c4 Rd4 27. cxb5 Rxe4
28. Bf3 Rf4 (28... Re3 29. Bxc6 $1 {macht alles klar} 29... axb5 $18) 29. bxc6
Rxf6 30. c7 e4 (30... a5 {aendert nichts mehr} 31. Re1 Bc8 32. Rxe5 $18) 31.
Re1 $1 {die Entscheidung} 31... Rf5 (31... Bc8 {
ist vielleicht noch ein Schwindelversuch} 32. Rxe4 32... Kg7 $18) 32. b4 $1 {
das wars} 32... Re5 (32... Rf6 {hilft allerdings auch nicht} 33. Rxe4 Kg7 34.
Kg1 $18) 33. Rxe4 33... Rxe4 {Mit der Mattdrohung Re1} 34. Bxe4 Bc8 (34... Kf8
{bietet noch letzte Rettungschancen} 35. Bb7 35... Ke7 $18) 35. b5 axb5 36.
axb5 {Der Freibauer b5 fuehrt schnell zu Drohungen} 36... f5 37. Bd5+ Kg7 38.
b6 Kf6 39. b7 {Es droht Matt} 39... Bxb7 40. Bxb7 Ke5 41. c8=Q f4 42. Qc7+ Kf5
43. Qe7 $1 {triumphiert} 43... Kg6 (43... f3 {nuetzt auch nichts mehr} 44. g3
Kg4 45. Qe6+ Kh5 46. Bxf3+ Kg5 47. h4#) 44. Be4+ Kh5 45. Qf6 h6 (45... f3 {
waere gleichermassen fruchtlos} 46. Bxf3#) 46. Bf3# 1-0

[Event "ICS rated blitz match"]
[Site "204.178.125.65"]
[Date "1999.11.10"]
[Round "?"]
[White "PostModernist"]
[Black "Hossa"]
[Result "1-0"]
[WhiteElo "2500"]
[BlackElo "2432"]
[Annotator "Hiarcs 7.32 (22s)"]
[PlyCount "109"]
[EventDate "1999.??.??"]

1. c4 1... Nf6 {Opening = A22 - 2.Nc3 Nf6 3.---} 2. Nc3 d5 3. cxd5 Nxd5 4. g3 {
Sichert f4} 4... e5 5. Bg2 Nxc3 6. bxc3 {Deckt b4} 6... Nc6 $11 (6... Qf6 7. d4
$15) 7. Nf3 $15 (7. Bxc6+ $5 {kommt in Betracht} 7... bxc6 8. d3 $11) 7... e4
8. Nd4 $17 (8. Ng1 $5 {ist zu ueberlegen} 8... f5 9. f3 $11) 8... Nxd4 9. cxd4
Qxd4 10. Rb1 10... Bc5 $15 (10... c6 $5 $17) 11. O-O O-O 12. Qc2 Re8 13. Bb2
Qd5 14. Qc3 $17 (14. d3 14... Bf5 $15) 14... Bf8 $15 (14... f6 15. d3 Bb6 16.
Bxe4 Qxa2 17. e3 $17) 15. Qxc7 $17 (15. d3 Bf5 16. Qxc7 16... Rac8 $15) 15...
Qxa2 16. Qf4 Qe6 17. d3 f5 18. dxe4 fxe4 19. Rfd1 Qf5 20. Qe3 20... a5 $11 (
20... b6 21. Rbc1 $11) 21. f3 $15 (21. Rbc1 21... Ra6 $11) 21... Bc5 22. Bd4
Bxd4 23. Rxd4 b5 24. Qb3+ Be6 25. Qxb5 {
Weiss erhaelt starke Drohungen in der geoeffneten b-Linie} 25... exf3 $16 (
25... Qxb5 $5 $142 {damit waere Schwarz im Spiel geblieben} 26. Rxb5 26... a4
$15) 26. Bxf3 Rac8 (26... Qxb5 27. Rxb5 Reb8 28. Re5 $16) 27. Qxf5 Bxf5 28. Rb5
$1 {die richtige Fortsetzung, um den Vorteil festzuhalten} 28... Bh3 $18 (28...
Be6 $5 29. Rxa5 29... Rb8 $16) 29. g4 Rc1+ (29... g6 30. Rd7 Rcd8 31. Rxd8 Rxd8
32. Kf2 $18) 30. Kf2 Ra1 (30... a4 31. Rxa4 Bf1 32. Rb7 $18) 31. Rd7 {
Weiss erhaelt Koenigsangriff} 31... Kh8 32. Ra7 a4 33. Rbb7 33... Rg8 $4 {
das letzte Eigentor} (33... h5 $142 34. gxh5 34... Rd1 $18) 34. Bd5 {Droht Matt
} 34... Rf8+ 35. Kg3 Ra3+ (35... Bxg4 {macht keinen grossen Unterschied} 36.
Kxg4 Rd1 37. Rd7 $18) 36. Bf3 Bf1 (36... Bxg4 {holt die Kuh nicht vom Eis} 37.
Kxg4 Ra1 38. Kg3 $18) 37. Rxg7 $1 {Boing!. Mit der Mattdrohung Rxh7} 37... Rf6
(37... Raxf3+ {aendert den traurigen Lauf der Dinge nicht} 38. exf3 Bd3 39. f4
$18) 38. Rxh7+ {Der Freibauer g4 ist ein wichtiges Motiv} 38... Kg8 39. Kh4 {
Es droht Matt} 39... Raxf3 40. exf3 Rxf3 (40... Bb5 {hilft auch nicht mehr} 41.
Rhb7 Be8 42. Kg3 $18) 41. Rhg7+ Kf8 42. Rgb7 {Droht Matt: Rb8} 42... Kg8 43.
Rxa4 (43. Rb8+ $5 {ginge schneller} 43... Rf8 44. Rxf8+ Kxf8 45. Rxa4 45... Bd3
$18) 43... Bg2 (43... Rf8 $18 {der letzte Widerstandsversuch}) 44. Ra8+ Rf8 45.
Rxf8+ Kxf8 46. Ra7 $1 {kraeftig gespielt} 46... Ke8 47. g5 Be4 48. Kg4 Bd3 49.
h4 Bc2 50. h5 Kf8 51. h6 Bh7 52. Rxh7 {Droht Matt} 52... Ke8 53. Ra7 Kd8 54. h7
Ke8 55. h8=Q# 1-0

[Event "ICS rated blitz match"]
[Site "204.178.125.65"]
[Date "1999.11.10"]
[Round "?"]
[White "Hossa"]
[Black "Varguz"]
[Result "0-1"]
[WhiteElo "2419"]
[BlackElo "2897"]
[Annotator "Hiarcs 7.32 (22s)"]
[PlyCount "131"]
[EventDate "1999.??.??"]

1. e4 1... g6 {Opening = B06 - 1.e4 g6} 2. d4 Bg7 3. Bc4 d6 4. Ne2 Nf6 5. Nbc3
c6 6. Bg5 Nxe4 7. Nxe4 d5 8. Bd3 dxe4 9. Bxe4 f6 10. Be3 e5 11. dxe5 f5 12.
Qxd8+ Kxd8 13. O-O-O+ Kc7 14. Bd3 Bxe5 15. Rhe1 Be6 16. Nf4 Bxa2 17. b3 Re8 18.
Bc4 Nd7 19. Ne6+ Kc8 20. Bf4 b5 21. Rxe5 Nxe5 22. Ng7 Re7 23. Be6+ Nd7 24. Bh6
Kc7 25. Bxd7 Rxd7 26. Ne6+ Kc8 27. Re1 a5 28. Nc5 Rd5 29. Re8+ Rd8 30. Rxd8+
Kxd8 31. Kb2 Bxb3 32. cxb3 Ke7 33. Bd2 Kf6 34. Ka3 Ke5 35. Be3 Kd5 36. Nd7 Kd6
37. Nb6 Re8 38. Bf4+ Ke6 39. Bd2 Kf7 40. Bxa5 Re2 41. g3 Ke6 42. f4 Rxh2 43.
Nc8 Rg2 44. Na7 Kd5 45. Be1 Re2 46. Bc3 Re8 47. Ba5 Re3 48. Nc8 Rxg3 49. Ne7+
Kd6 50. Nc8+ Ke6 51. Na7 Kd5 52. Bc7 (52. Nc8 $19 {
wuerde die Partie noch etwas verlaengern}) 52... h5 $1 {ist die Ueberraschung!}
53. Bd8 Rg4 54. Bg5 (54. Nc8 {die letzte Gegenchance} 54... Ke6 55. Na7 $19)
54... Rxg5 55. fxg5 f4 56. Nc8 f3 57. Ne7+ Kd6 58. Ng8 f2 59. Nf6 59... f1=Q $1
{nun ist alles klar} 60. Kb2 Qe2+ 61. Kc3 61... h4 $1 {das war die Absicht} 62.
Nh7 62... h3 $1 {die Entscheidung. Droht Matt} 63. Nf6 63... h2 {Es droht Matt}
64. Ne8+ Qxe8 65. Kd3 (65. Kc2 {aendert nichts am Ausgang der Partie} 65...
Qe2+ 66. Kc3 c5 67. b4 c4 68. Kd4 Qe5#) 65... h1=Q 66. Kc2 0-1

[Event "ICS rated bullet match"]
[Site "204.178.125.65"]
[Date "1999.11.10"]
[Round "?"]
[White "Hossa"]
[Black "molly"]
[Result "1-0"]
[WhiteElo "2444"]
[BlackElo "2176"]
[PlyCount "73"]
[EventDate "1999.??.??"]

1. e4 e6 2. d4 d5 3. Nc3 Bb4 4. e5 Qd7 5. Bd3 b6 6. a3 Bxc3+ 7. bxc3 Ba6 8. Bg5
Bxd3 9. cxd3 h6 10. Bh4 c5 11. Ne2 Nc6 12. O-O Na5 13. Rb1 c4 14. f4 Ne7 15.
Nc1 Rc8 16. Bxe7 Qxe7 17. f5 cxd3 18. Qxd3 Nc4 19. fxe6 Qxe6 20. Qg3 O-O 21.
Rf6 Qe7 22. Ra1 Nd2 23. Rxh6 Ne4 24. Qg4 Rxc3 25. Ne2 Re3 26. Rh3 Rxh3 27. Qxh3
Re8 28. Nf4 g6 29. Re1 Qg5 30. Nxd5 Kg7 31. Rxe4 Qf5 32. Qxf5 gxf5 33. Rf4 Rd8
34. Ne7 Rd7 35. Nxf5+ Kf8 36. Rh4 Rc7 37. Rh8# {molly checkmated} 1-0

[Event "ICS rated standard match"]
[Site "204.178.125.65"]
[Date "1999.11.10"]
[Round "?"]
[White "xLars"]
[Black "Hossa"]
[Result "0-1"]
[WhiteElo "2109"]
[BlackElo "2336"]
[Annotator "Hiarcs 7.32 (22s)"]
[PlyCount "122"]
[EventDate "1999.??.??"]

1. e4 1... c5 {Opening = B76 - 7.f3 0-0(8.Qd2 Nc6 9.---)} 2. Nf3 d6 3. d4 cxd4
4. Nxd4 Nf6 5. Nc3 g6 6. Be3 Bg7 7. f3 O-O 8. Qd2 d5 9. e5 Ne8 (9... Nfd7 10.
f4 Nc6 (10... Nb6 11. b3 f6 12. exf6 Bxf6 13. Be2 e6 14. O-O Nc6 15. a4 Bd7 16.
a5 Nc8 17. a6 b6 18. Bg4 Nxd4 19. Bxd4 Ne7 20. Bxf6 Rxf6 21. Rfe1 Rc8 22. Ne2
Qc7 23. Nd4 Qd6 24. g3 Nc6 25. c3 {
Pribyl,M-Jirovsky,P/CZE-chT 1994/TD 94\03/0-1 (40)}) 11. O-O-O Nb6 12. Nf3 Be6
13. h4 Nc4 14. Bxc4 dxc4 15. Qf2 Qa5 16. h5 Rfd8 17. Rxd8+ Rxd8 18. hxg6 hxg6
19. Ng5 Bf5 20. Qe2 b5 21. g4 Bc8 22. Kb1 f6 23. Qh2 fxg5 24. Qh7+ Kf7 25. e6+
Bxe6 26. f5 gxf5 27. gxf5 Bd5 28. Qg6+ Kf8 29. Nxd5 Rxd5 30. Bxg5 Rd1+ 31. Rxd1
Qc7 32. Bh6 Bxh6 33. Qxh6+ {1-0 Palac,M-Afek,Y/Werfen op 1991/TD 91\08 (33)})
10. f4 $146 (10. Bh6 Nc6 11. Nxc6 bxc6 12. Bd3 Bxe5 13. Bxf8 Kxf8 14. O-O Qb6+
15. Kh1 Qxb2 16. Ne2 Qa3 17. f4 Bxa1 18. Rxa1 Ba6 19. Bxa6 Qxa6 20. Ng3 Nd6 21.
f5 Kg8 22. Qg5 Re8 23. fxg6 hxg6 24. h4 Qc4 25. Re1 Qxc2 26. Re2 Qd1+ 27. Kh2
27... Ne4 {0-1 Fixter,N-Djeno,M/EU-chJW U20 Hradec Kralove 1992/TD 93\02 (27)})
10... Nc6 11. O-O-O f6 12. Nf3 $11 (12. Bb5 $5 12... Nxd4 13. Qxd4 $16) 12...
e6 $14 (12... fxe5 $5 {muss unbedingt geprueft werden} 13. Nxe5 Nxe5 14. fxe5
14... e6 $11) 13. h4 $11 (13. Bc5 $5 {muss erwogen werden} 13... Rf7 14. Bb5
$14) 13... fxe5 14. fxe5 Nxe5 15. Nxe5 {Eine wichtige Figur} 15... Bxe5 16. h5
g5 17. Bxg5 Qa5 18. Bh6 Ng7 19. Bd3 {Weiss erhaelt Koenigsangriff} 19... d4 $16
(19... Bxc3 $5 $142 {ist zu beachten} 20. bxc3 20... Qxa2 $11) 20. Nb1 Qxa2 (
20... Qxd2+ $5 21. Nxd2 21... Rf2 $16) 21. Rdf1 21... Rf5 $4 $18 {
vergroessert seine Probleme} (21... Bd7 $16 $142) 22. g4 Rxf1+ (22... Rf7 {
macht keinen grossen Unterschied} 23. Qg5 Qd5 24. Rxf7 Kxf7 25. Rf1+ Ke8 26.
Re1 $18) 23. Rxf1 Bd7 24. Qg5 {Droht Matt: Qxe5} 24... Qd5 25. Qe7 {
Es droht Matt} 25... Qd6 26. Qf7+ Kh8 27. Bxg7+ (27. Nd2 Nf5 28. Nc4 Be8 29.
Nxd6 Bxf7 30. Nxf7+ Kg8 31. Rxf5 exf5 32. Nxe5 fxg4 33. Bc4+ Kh8 34. Nf7+ Kg8
35. Nd6+ 35... Kh8 $18) 27... Bxg7 28. h6 {Mit der Mattdrohung hxg7} 28... Qe5
29. hxg7+ Qxg7 30. Qh5 $1 {macht alles klar} 30... Kg8 31. Rh1 (31. Bxh7+ $5 {
gibt noch groesseren Vorteil} 31... Qxh7 32. Qxh7+ Kxh7 33. Rf7+ Kg6 34. Rxd7
34... Rf8 $18) 31... h6 32. Nd2 Bc6 (32... Rf8 {
kann das Vorangegangene nicht ungeschehen machen} 33. Qxh6 Qxh6 34. Rxh6 $18)
33. Ne4 $1 {glaenzend gespielt} 33... Bxe4 (33... Bd5 {
aendert den traurigen Lauf der Dinge nicht} 34. Qxh6 Qxh6+ 35. Rxh6 $18) 34.
Bxe4 Qg5+ 35. Qxg5+ hxg5 36. Bxb7 Rb8 37. Be4 a5 (37... Kg7 {
hilft allerdings auch nicht} 38. Rh7+ Kf6 39. Rxa7 $18) 38. Rh5 Rb5 39. Bd3 Rc5
40. Kd2 (40. Rh7 {erleichterte Weiss die Gewinnfuehrung} 40... Kf8 $18) 40...
Kf7 41. Rh7+ Kf6 42. Rh6+ Ke5 (42... Kf7 {waere gleichermassen fruchtlos} 43.
Be4 $18) 43. Rh5 (43. b3 $142 {machte sofort alles klar} 43... Rc6 44. Bb5
44... Rc5 $18) 43... Kf4 44. Rh6 Ke5 (44... e5 45. Bf5 45... Rb5 $18) 45. Be2 (
45. b3 $5 $142 {damit wuerde Weiss es sich noch erleichtern} 45... Rc6 46. Bb5
46... Rc5 $18) 45... Kd6 (45... Rc6 {nuetzt auch nichts mehr} 46. b3 Kf4 47.
Rf6+ Ke5 48. Rg6 $18) 46. b3 $1 {das wars} 46... Kd7 (46... Re5 {
aendert nichts am Ausgang der Partie} 47. Bc4 $18) 47. Rh7+ (47. Bc4 $5 {
laesst dem Gegner kaum Chancen} 47... e5 48. Bd3 48... Rc3 $18) 47... Kc6 (
47... Kd6 {hilft auch nicht mehr} 48. Bc4 e5 49. Kd3 $18) 48. Rh6 Kd7 49. Bc4
e5 50. Bd3 Kc7 51. Be4 Rc3 (51... a4 {aendert nichts mehr} 52. bxa4 Ra5 53.
Rc6+ Kd8 54. Rg6 $18) 52. Rg6 (52. Re6 {und Weiss haette es noch leichter}
52... Re3 53. Rxe5 53... Kb6 $18) 52... Re3 53. Bd3 e4 54. Rxg5 (54. Bb5 $18
$142 {ist der schnellste Weg}) 54... exd3 55. cxd3 $16 (55. c4 $5 $142 55...
Kb6 56. Rb5+ Ka6 57. Rd5 $18) 55... Rg3 56. Rg7+ (56. Rxa5 Rxg4 57. Ke2 57...
Kc6 $16) 56... Kd6 57. g5 Rg2+ 58. Kc1 $11 (58. Ke1 $5 $16 $142) 58... Kc5 59.
Rg8 59... Kb4 {Der schwarze Koenig wird gefaehrlich} 60. Rb8+ $2 $19 (60. g6
$142 {sieht noch spielbar aus} 60... Kc3 61. Kd1 $11) 60... Kc3 {
Droht Matt: Rg1} 61. Rb5 $4 {ein Fehler, doch es war nicht viel zu retten} (61.
Rc8+ $142 61... Kxb3 $1 {die Pointe} 62. Rc4 $19) 61... Rg1# 0-1

[Event "ICS rated blitz match"]
[Site "204.178.125.65"]
[Date "1999.11.10"]
[Round "?"]
[White "randymany"]
[Black "Hossa"]
[Result "0-1"]
[WhiteElo "2132"]
[BlackElo "2417"]
[Annotator "Hiarcs 7.32 (22s)"]
[PlyCount "136"]
[EventDate "1999.??.??"]

1. e4 1... c5 {Opening = B56 - 5.Nc3(Nc6 6.---)} 2. Nf3 d6 3. d4 cxd4 4. Nxd4
Nf6 5. Nc3 Nc6 6. Be3 e5 7. Nb3 Be6 8. Qd2 d5 9. exd5 Nxd5 10. Nxd5 Qxd5 11.
O-O-O $146 (11. Qxd5 Bxd5 12. O-O-O O-O-O 13. f3 f5 14. Bb5 a6 15. Bxc6 bxc6
16. Bc5 Bxb3 17. Rxd8+ Kxd8 18. Bb6+ Kd7 19. axb3 c5 20. Kd2 Bd6 21. Ra1 Kc6
22. Ba5 h5 23. Bc3 Kb5 24. Ke2 g5 25. h3 h4 26. Bd2 Rg8 27. Ra5+ Kb6 28. Ra4
Be7 29. Be3 a5 30. Bd2 Ra8 31. Ra1 Kb5 32. c4+ Kb6 33. Bc3 Bd6 34. Bd2 Be7 35.
Kd3 Ra7 36. Kc2 Bd8 37. Rd1 a4 38. Bc3 Bc7 39. Re1 axb3+ 40. Kxb3 e4 41. fxe4
Bg3 42. Rf1 fxe4 43. Rf6+ Kc7 44. Re6 Ra1 45. Rxe4 45... Rg1 {
Timman,J-Van der Wiel,J/Amsterdam OHRA 1986/CBM 01/1/2-1/2 (61)}) 11... Qxd2+
12. Rxd2 Bb4 13. c3 {Ueberdeckt d4} 13... Be7 14. Bb5 a6 15. Be2 a5 16. Rhd1 a4
17. Nc5 Bxa2 18. Nxb7 {c3 wird ein starker Freibauer werden} 18... O-O 19. Bf3
Na5 20. Nxa5 Rxa5 21. Rd7 Bf6 22. Bd5 Bb3 23. c4 $15 (23. Rd3 $5 $14 {
ist zu ueberlegen}) 23... a3 24. bxa3 24... Bxd1 $11 (24... Ba4 25. Rc7 Bxd1
26. Kxd1 $11) 25. Kxd1 Rxa3 26. Bc5 Ra1+ 27. Ke2 27... Rb8 $14 (27... Rc8 28.
Bb4 $11) 28. Rxf7 {Droht Matt: Rf8} 28... Ra2+ $16 (28... Kh8 29. Kf3 $14) 29.
Kf3 Kh8 30. Be3 Ra3 31. Kg4 Ra2 32. c5 Ra4+ 33. Kg3 Rd8 34. c6 34... h5 $2 $18
(34... Raa8 $5 $142 35. Be4 35... Kg8 $18) 35. c7 Re8 36. Be6 (36. Bc6 $5 36...
Rg4+ 37. Kf3 37... Rg8 $18) 36... Raa8 37. c8=Q $14 {
Schwarz entwickelt Drohungen in der offenen c-Linie} (37. Bd7 $142 {
nun kommt Weiss in Vorteil} 37... Rg8 38. Bc5 $18) 37... Rexc8 38. Bxc8 Rxc8
39. f3 $11 (39. Kf3 39... Kh7 $14) 39... h4+ 40. Kg4 $15 (40. Kf2 Rc2+ 41. Kg1
41... Kh7 $11) 40... Rc2 41. Kh3 $15 (41. g3 Rxh2 42. gxh4 Rxh4+ 43. Kf5 43...
Kh7 $15) 41... e4 42. fxe4 $4 $19 (42. Rf8+ $142 {bringt noch Rettung} 42...
Kh7 43. Re8 exf3 44. gxf3 $11) 42... Rc3 43. g3 (43. Kg4 Rxe3 44. Rf8+ 44...
Kh7 $19) 43... Rxe3 44. Rf8+ Kh7 45. Kg2 hxg3 46. hxg3 Rxe4 47. Kf3 Re6 48. g4
g5 49. Rf7+ Kg6 50. Rf8 Bd4 51. Rg8+ Kf6 52. Rf8+ Ke7 53. Rc8 (53. Rg8 {
aendert den traurigen Lauf der Dinge nicht} 53... Re3+ 54. Kg2 54... Kf6 $19)
53... Rf6+ (53... Re3+ $5 $142 {waere im Gewinnsinne praeziser} 54. Kg2 Be5 55.
Rc4 Rg3+ 56. Kf2 $19) 54. Ke4 (54. Kg2 $19 {der letzte Widerstandsversuch})
54... Rf4+ 55. Kd5 Rxg4 56. Rc7+ (56. Kc4 {macht keinen grossen Unterschied}
56... Kf6 $19) 56... Kf6 57. Rc6+ Kf5 58. Rc8 58... Bf6 {
Schwarz entwickelt eine toedliche Initiative} 59. Rf8 (59. Rc1 {
holt die Kuh nicht vom Eis} 59... Rd4+ 60. Kc6 60... g4 $19) 59... Rd4+ 60. Kc5
(60. Kc6 $19 {ist der letzte Rettungsanker}) 60... Rd8 $1 {die Entscheidung}
61. Rf7 g4 62. Kc4 g3 63. Rb7 Rd4+ 64. Kb3 64... g2 {Droht Matt} 65. Rb6 g1=Q
66. Rb5+ 66... Ke4 $19 (66... Be5 67. Rb4 Qb1+ 68. Ka3 Qa1+ 69. Kb3 Rd3+ 70.
Kc4 Qa6+ 71. Rb5 Rc3+ 72. Kb4 Qa3#) 67. Rb8 Qd1+ 68. Ka2 Ra4# 0-1